<?xml version="1.0" encoding="UTF-8"?>
<record
    xmlns:xsi="http://www.w3.org/2001/XMLSchema-instance"
    xsi:schemaLocation="http://www.loc.gov/MARC21/slim http://www.loc.gov/standards/marcxml/schema/MARC21slim.xsd"
    xmlns="http://www.loc.gov/MARC21/slim">

  <leader>01066nam a22002537a 4500</leader>
  <controlfield tag="005">20231214153014.0</controlfield>
  <datafield tag="010" ind1=" " ind2=" ">
    <subfield code="a">HIN-126528  HIN-126565-66</subfield>
  </datafield>
  <datafield tag="020" ind1=" " ind2=" ">
    <subfield code="a">9789386752291(vOL-1-3)</subfield>
    <subfield code="c">1500.00(vol1-3)</subfield>
  </datafield>
  <datafield tag="035" ind1=" " ind2=" ">
    <subfield code="a">HN-98874</subfield>
  </datafield>
  <datafield tag="035" ind1=" " ind2=" ">
    <subfield code="a">HN-98912</subfield>
  </datafield>
  <datafield tag="035" ind1=" " ind2=" ">
    <subfield code="a">HN-98911</subfield>
  </datafield>
  <datafield tag="037" ind1=" " ind2=" ">
    <subfield code="b">DBAD/PUB</subfield>
  </datafield>
  <datafield tag="082" ind1=" " ind2=" ">
    <subfield code="a">&#x915;</subfield>
  </datafield>
  <datafield tag="100" ind1=" " ind2=" ">
    <subfield code="a">&#x91A;&#x94C;&#x92C;&#x947; &#x938;&#x902;&#x924;&#x94B;&#x937;</subfield>
    <subfield code="9">59863</subfield>
  </datafield>
  <datafield tag="245" ind1=" " ind2=" ">
    <subfield code="a">&#x935;&#x93F;&#x91C;&#x94D;&#x91E;&#x93E;&#x928;&#x902; &#x915;&#x925;&#x93E; &#x915;&#x94B;&#x936; / &#x916;&#x902;&#x921; -1-3</subfield>
    <subfield code="c">&#x91A;&#x94C;&#x92C;&#x947; &#x938;&#x902;&#x924;&#x94B;&#x937; </subfield>
  </datafield>
  <datafield tag="250" ind1=" " ind2=" ">
    <subfield code="a">1</subfield>
  </datafield>
  <datafield tag="260" ind1=" " ind2=" ">
    <subfield code="a">&#x92D;&#x94B;&#x92A;&#x93E;&#x932;</subfield>
    <subfield code="b">&#x906;&#x908;&#x938;&#x947;&#x915;&#x94D;&#x91F; &#x92A;&#x92C;&#x94D;&#x932;&#x93F;&#x915;&#x947;&#x936;&#x928; </subfield>
    <subfield code="c">2022</subfield>
  </datafield>
  <datafield tag="270" ind1=" " ind2=" ">
    <subfield code="a">&#x908;-7/2, &#x90F;&#x938;&#x92C;&#x940;&#x906;&#x908;, &#x905;&#x930;&#x947;&#x930;&#x93E; &#x915;&#x949;&#x932;&#x94B;&#x928;&#x940; , </subfield>
    <subfield code="b">&#x92D;&#x94B;&#x92A;&#x93E;&#x932; </subfield>
    <subfield code="e">462016</subfield>
  </datafield>
  <datafield tag="300" ind1=" " ind2=" ">
    <subfield code="a">200&#x92A;&#x943;&#x937;&#x94D;&#x920;(vol-1), 176&#x92A;&#x943;&#x937;&#x94D;&#x920;(vol-2), 254&#x92A;&#x943;&#x937;&#x94D;&#x920;(vol-3)</subfield>
    <subfield code="c">23(&#x905;&#x91C;&#x93F;&#x932;&#x94D;&#x926;) </subfield>
  </datafield>
  <datafield tag="490" ind1=" " ind2=" ">
    <subfield code="v">Vol-1-3</subfield>
  </datafield>
  <datafield tag="710" ind1=" " ind2=" ">
    <subfield code="a">&#x91A;&#x94C;&#x92C;&#x947; &#x938;&#x902;&#x924;&#x94B;&#x937; </subfield>
    <subfield code="e">&#x92A;&#x94D;&#x930;&#x927;&#x93E;&#x928; &#x938;&#x902;&#x92A;&#x93E;&#x926;&#x915; </subfield>
    <subfield code="9">59780</subfield>
  </datafield>
  <datafield tag="710" ind1=" " ind2=" ">
    <subfield code="a">&#x92A;&#x94D;&#x930;&#x938;&#x93E;&#x926; &#x936;&#x941;&#x915;&#x94D;&#x930;&#x926;&#x947;&#x935; </subfield>
    <subfield code="e">&#x938;&#x902;&#x92A;&#x93E;&#x926;&#x915; </subfield>
    <subfield code="9">59781</subfield>
  </datafield>
  <datafield tag="942" ind1=" " ind2=" ">
    <subfield code="c">HN</subfield>
    <subfield code="h">&#x915; </subfield>
    <subfield code="2">ddc</subfield>
    <subfield code="m">&#x91A;&#x94C;&#x92C;&#x947;&#x938;&#x902;  </subfield>
  </datafield>
  <datafield tag="999" ind1=" " ind2=" ">
    <subfield code="c">199619</subfield>
    <subfield code="d">199619</subfield>
  </datafield>
  <datafield tag="952" ind1=" " ind2=" ">
    <subfield code="0">0</subfield>
    <subfield code="1">0</subfield>
    <subfield code="3">VOL-1</subfield>
    <subfield code="4">0</subfield>
    <subfield code="7">0</subfield>
    <subfield code="8">FIC</subfield>
    <subfield code="a">VP</subfield>
    <subfield code="b">VP</subfield>
    <subfield code="d">2023-12-12</subfield>
    <subfield code="e">DBAD/PUB</subfield>
    <subfield code="g">500.00</subfield>
    <subfield code="l">0</subfield>
    <subfield code="o">&#x915;  &#x91A;&#x94C;&#x92C;&#x947;&#x938;&#x902;  </subfield>
    <subfield code="p">HN-98874</subfield>
    <subfield code="r">2023-12-12 00:00:00</subfield>
    <subfield code="t">1</subfield>
    <subfield code="v">500.00</subfield>
    <subfield code="w">2023-12-12</subfield>
    <subfield code="y">HN</subfield>
  </datafield>
  <datafield tag="952" ind1=" " ind2=" ">
    <subfield code="0">0</subfield>
    <subfield code="1">0</subfield>
    <subfield code="3">VOL-2</subfield>
    <subfield code="4">0</subfield>
    <subfield code="7">0</subfield>
    <subfield code="8">NFIC</subfield>
    <subfield code="a">VP</subfield>
    <subfield code="b">VP</subfield>
    <subfield code="d">2023-12-14</subfield>
    <subfield code="e">DBAD/PUB</subfield>
    <subfield code="g">500.00</subfield>
    <subfield code="l">0</subfield>
    <subfield code="o">&#x915;  &#x91A;&#x94C;&#x92C;&#x947;&#x938;&#x902;  </subfield>
    <subfield code="p">HN-98912</subfield>
    <subfield code="r">2023-12-14 00:00:00</subfield>
    <subfield code="t">1</subfield>
    <subfield code="v">500.00</subfield>
    <subfield code="w">2023-12-14</subfield>
    <subfield code="y">HN</subfield>
  </datafield>
  <datafield tag="952" ind1=" " ind2=" ">
    <subfield code="0">0</subfield>
    <subfield code="1">0</subfield>
    <subfield code="3">VOL-3</subfield>
    <subfield code="4">0</subfield>
    <subfield code="7">0</subfield>
    <subfield code="8">NFIC</subfield>
    <subfield code="a">VP</subfield>
    <subfield code="b">VP</subfield>
    <subfield code="d">2023-12-14</subfield>
    <subfield code="e">DBAD/PUB</subfield>
    <subfield code="g">500.00</subfield>
    <subfield code="l">0</subfield>
    <subfield code="o">&#x915;  &#x91A;&#x94C;&#x92C;&#x947;&#x938;&#x902;  </subfield>
    <subfield code="p">HN-98911</subfield>
    <subfield code="r">2023-12-14 00:00:00</subfield>
    <subfield code="t">1</subfield>
    <subfield code="v">500.00</subfield>
    <subfield code="w">2023-12-14</subfield>
    <subfield code="y">HN</subfield>
  </datafield>
</record>
